| 000 | 00664nam a22002057a 4500 | ||
|---|---|---|---|
| 005 | 20251108171917.0 | ||
| 008 | 250721s2002 xx 000 0 ara d | ||
| 082 | 1 | 4 | _a213.233/كرد |
| 100 | 1 | _aالكردي، إسماعيل | |
| 245 | 1 | 0 |
_aنحو تفعيل قواعد نقد متين الحديث : _bدراسة تطبيقية علىبعض أحاديث الصحيحة / |
| 264 | 1 |
_aدمشق : _bالأوائل، _c2002. |
|
| 300 | _a352ص | ||
| 650 | 1 | 7 | _aعلوم الحديث |
| 650 | 1 | 7 | _aالرواة |
| 650 | 1 | 7 | _aصحيح البخاري |
| 650 | 1 | 7 | _aصحيح مسلم |
| 650 | 1 | 7 | _aدفاع المطاعن |
| 942 |
_2ddc _cBK |
||
| 999 |
_c65733 _d65733 |
||